A short introduction to international law / (Record no. 1579)
[ view plain ]
| 000 -LEADER | |
|---|---|
| fixed length control field | 02774cam a2200457 i 4500 |
| 001 - CONTROL NUMBER | |
| control field | data |
| 005 - DATE AND TIME OF LATEST TRANSACTION | |
| control field | 20260322212107.0 |
| 008 - FIXED-LENGTH DATA ELEMENTS--GENERAL INFORMATION | |
| fixed length control field | data |
| 035 ## - SYSTEM CONTROL NUMBER | |
| System control number | 18273230 |
| 010 ## - LIBRARY OF CONGRESS CONTROL NUMBER | |
| LC control number | 2014033375 |
| 020 ## - INTERNATIONAL STANDARD BOOK NUMBER | |
| International Standard Book Number | 9781107086401 |
| Qualifying information | hardback |
| 020 ## - INTERNATIONAL STANDARD BOOK NUMBER | |
| International Standard Book Number | 110708640X |
| Qualifying information | hardback |
| 020 ## - INTERNATIONAL STANDARD BOOK NUMBER | |
| International Standard Book Number | 9781107451360 |
| Qualifying information | paperback |
| 020 ## - INTERNATIONAL STANDARD BOOK NUMBER | |
| International Standard Book Number | 1107451361 |
| Qualifying information | paperback |
| 040 ## - CATALOGING SOURCE | |
| Original cataloging agency | DLC |
| Language of cataloging | eng |
| Transcribing agency | DLC |
| Description conventions | rda |
| 041 1# - LANGUAGE CODE | |
| Language code of text/sound track or separate title | eng |
| Language code of original | fre |
| 042 ## - AUTHENTICATION CODE | |
| Authentication code | pcc |
| 050 00 - LIBRARY OF CONGRESS CALL NUMBER | |
| Classification number | KZ3410 |
| Item number | .J67813 2014 |
| 082 00 - DEWEY DECIMAL CLASSIFICATION NUMBER | |
| Classification number | 341 |
| Edition information | 23 |
| 084 ## - OTHER CLASSIFICATION NUMBER | |
| Classification number | LAW051000 |
| Number source | bisacsh |
| 100 1# - MAIN ENTRY--PERSONAL NAME | |
| Personal name | Jouannet, Emmanuelle. |
| 240 10 - UNIFORM TITLE | |
| Uniform title | Droit international. |
| Language of a work | English. |
| 245 12 - TITLE STATEMENT | |
| Title | A short introduction to international law / |
| Statement of responsibility, etc. | Emmanuelle Tourme Jouannet ; translated from the French, Le Droit International (Presses Universitaires de France, 2013), by Christopher Sutcliff. |
| 264 #1 - PRODUCTION, PUBLICATION, DISTRIBUTION, MANUFACTURE, AND COPYRIGHT NOTICE | |
| Place of production, publication, distribution, manufacture | Cambridge, United Kingdom : |
| Name of producer, publisher, distributor, manufacturer | Cambridge University Press, |
| Date of production, publication, distribution, manufacture, or copyright notice | 2014. |
| 264 #4 - PRODUCTION, PUBLICATION, DISTRIBUTION, MANUFACTURE, AND COPYRIGHT NOTICE | |
| Date of production, publication, distribution, manufacture, or copyright notice | ©2013 |
| 300 ## - PHYSICAL DESCRIPTION | |
| Extent | vii, 126 pages ; |
| Dimensions | 23 cm |
| 336 ## - CONTENT TYPE | |
| Content type term | text |
| Source | rdacontent |
| 337 ## - MEDIA TYPE | |
| Media type term | unmediated |
| Source | rdamedia |
| 338 ## - CARRIER TYPE | |
| Carrier type term | volume |
| Source | rdacarrier |
| 500 ## - GENERAL NOTE | |
| General note | Includes index. |
| 505 8# - FORMATTED CONTENTS NOTE | |
| Formatted contents note | Machine generated contents note: Introduction; 1. International law as history and culture; 2. International law as a legal order; 3. International law as an instrument of regulation and social intervention; Conclusion. |
| 520 ## - SUMMARY, ETC. | |
| Summary, etc. | "In our globalised world the sources and actors of international law are many and its growth prolific and disorderly. International law governs the actions of states on matters as long-established as diplomatic immunity or as recent as the War on Terror, and it now impacts upon the lives of ordinary citizens in areas as diverse as banking and investment, public health and the protection of the environment. In this accessible introduction Emmanuelle Tourme Jouannet explains the latest developments in international law in the light of its history and culture, presenting it as an instrument both for dominance and for change that adjusts and balances the three pillars of the United Nations Charter: the prohibition of the use of force; economic, social and sustainable development; and human rights"-- |
| Assigning source | Provided by publisher. |
| 650 #0 - SUBJECT ADDED ENTRY--TOPICAL TERM | |
| Topical term or geographic name entry element | International law. |
| 650 #7 - SUBJECT ADDED ENTRY--TOPICAL TERM | |
| Topical term or geographic name entry element | LAW / International. |
| Source of heading or term | bisacsh |
| 700 1# - ADDED ENTRY--PERSONAL NAME | |
| Personal name | Sutcliffe, Christopher, |
| Relator term | translator. |
| 765 0# - ORIGINAL LANGUAGE ENTRY | |
| Main entry heading | Jouannet, Emmanuelle. |
| Title | Le droit international. |
| Place, publisher, and date of publication | Paris : Presses universitaires de France, 2013. |
| Record control number | (OCoLC)835282623. |
| 906 ## - LOCAL DATA ELEMENT F, LDF (RLIN) | |
| a | 7 |
| b | cbc |
| c | orignew |
| d | 1 |
| e | ecip |
| f | 20 |
| g | y-gencatlg |
| 925 0# - | |
| -- | acquire |
| -- | 2 shelf copies |
| -- | policy default |
| 955 ## - COPY-LEVEL INFORMATION (RLIN) | |
| -- | xg16 2014-08-20 to Dewey |
| -- | xl04 2014-08-20 |
| -- | xg16 2015-02-27 |
| Withdrawn status | Lost status | Damaged status | Not for loan | Home library | Current library | Shelving location | Date acquired | Total checkouts | Full call number | Barcode | Date last seen | Price effective from | Koha item type |
|---|---|---|---|---|---|---|---|---|---|---|---|---|---|
| Liberty | Liberty | General stacks | 22/03/2026 | 341 | LOC-LPL-00042 | 22/03/2026 | 22/03/2026 | Books |